Statistics for Terraria Ores

Click here to take the quiz!

General Stats

  • This quiz has been taken 11 times
  • The average score is 38 of 44

Answer Stats

HintAnswer% Correct
Pre-Hardmode BarCopper Bar
100%
Pre-Hardmode OreCopper Ore
100%
Pre-Hardmode BarTungsten Bar
100%
Hardmode BarAdamantite Bar
90%
Hardmode OreAdamantite Ore
90%
Hardmode BarChlorophyte Bar
90%
Hardmode OreChlorophyte Ore
90%
Hardmode BarCobalt Bar
90%
Hardmode OreCobalt Ore
90%
Pre-Hardmode BarGold Bar
90%
Pre-Hardmode OreGold Ore
90%
Pre-Hardmode BarIron Bar
90%
Pre-Hardmode OreIron Ore
90%
Pre-Hardmode BarLead Bar
90%
Pre-Hardmode OreLead Ore
90%
Hardmode BarMythril Bar
90%
Hardmode OreMythril Ore
90%
Hardmode BarOrichalcum Bar
90%
Hardmode OreOrichalcum Ore
90%
Hardmode BarPalladium Bar
90%
Hardmode OrePalladium Ore
90%
Pre-Hardmode BarSilver Bar
90%
Pre-Hardmode OreSilver Ore
90%
Hardmode BarTitanium Bar
90%
Hardmode OreTitanium Ore
90%
Pre-Hardmode OreTungsten Ore
90%
Pre-Hardmode BarCrimtane Bar
80%
Pre-Hardmode OreCrimtane Ore
80%
Pre-Hardmode BarDemonite Bar
80%
Pre-Hardmode OreDemonite Ore
80%
Hardmode BarHallowed Bar
80%
Pre-Hardmode OreHellstone
80%
Pre-Hardmode BarHellstone Bar
80%
Hardmode OreLuminite
80%
Hardmode BarLuminite Bar
80%
Pre-Hardmode OreMeteorite
80%
Pre-Hardmode BarMeteorite Bar
80%
Pre-Hardmode BarPlatinum Bar
80%
Pre-Hardmode OrePlatinum Ore
80%
Hardmode BarShroomite Bar
80%
Pre-Hardmode BarTin Bar
80%
Pre-Hardmode OreTin Ore
80%
Pre-Hardmode OreObsidian
70%
Hardmode BarSpectre Bar
60%

Score Distribution

Percentile by Number Answered

Percent of People with Each Score

Your Score History

You have not taken this quiz